Capital cities with penultimate letter N - Statistics

General Stats
  • This quiz has been taken 33 times
    18 since last reset
  • The average score is 13 of 19
Answer Stats
Answer % Correct
Beijing
88%
Athens
81%
Gaborone
81%
Ljubljana
81%
Pyongyang
81%
Tallinn
81%
Tirana
81%
Vienna
81%
Havana
75%
Phnom Penh
75%
Mbabane
63%
Saint johns
63%
San Marino
63%
Tashkent
63%
Vientiane
63%
Astana
56%
Moroni
56%
Ndjamena
56%
Pristina
56%
No matching quizzes found
Score Distribution
Percent of People with Each Score
Percentile by Number Answered
Your Score History
You have not taken this quiz since the last reset